000 00992nam a2200277 i 4500
003 EG-GICUC
005 20260429070646.0
008 260429s1911 ua ||||fr|||| 00| 0 eng d
040 _aEG-GiCUC
_beng
_cEG-GiCUC
_dEG-GiCUC
_eRda
082 0 4 _221
_a343.11222
_bHA . E
092 0 4 _221
099 _aLaw1 10 343.11222 HA . E 1911
100 1 _aHalton,H. W.
_eAuthor.
245 _aAn Elementary Treatise On The Egyptian Civil Codes.
_hVolume 2.
_nTitle III,Title IV:
_pOf Certain Specific Contracts,Of The Rights Of Creditors/
_cH. W. Halton.
264 1 _aCairo:
_bNational Printing Department,
_c1911.
300 _a374 page ;
_c 24 cm.
336 _2rda contenu
_a texte
337 _2rda medias
_aOrdinateur
338 _2 transporteur rda
_a Ressource en ligne
546 _aText in English
650 1 _aCriminal Law
650 1 _aCriminal Protection Of Civil Contracts
856 4 0 _uhttps://fll.law.cu.edu.eg/fulltext/bks/B10-11540.pdf
905 _a59
942 _2ddc
_n0
_cBK
_e21
999 _c74022
_d74022